Técnicas de la motivación infantil / (Registro nro. 8297)

Detalles MARC
000 -LIDER
fixed length control field 01149nam a22003377a 4500
001 - NÚMERO DE CONTROL
Identificador de número de control 0020
003 - IDENTIFICACDOR DE NÚMERO DE CONTROL
control field DO-SdBNP
005 - DATE AND TIME OF LATEST TRANSACTION
control field 20180223142438.0
007 - CAMPOS FIJOS DE DESCRIPCIÓN FÍSICA
fixed length control field 0020
008 - ELEMENTOS DE LONGITUD FIJA
fixed length control field 150928b2003 co ac spa d
020 ## - ISBN
International Standard Book Number 9589308821 (v. 1)
020 ## - ISBN
International Standard Book Number 95893083X (v. 2)
020 ## - ISBN
International Standard Book Number 9589308408 (v. 3)
040 ## - FUENTE DE CATALOGACIÓN
Agencia que crea de manera original el registro BPMSU
Idioma de catalogación spa
Agencia que realiza la transcripción BPMSU
082 #4 - NÚMERO DE CLASIFICACIÓN DECIMAL DE DEWEY
Classification number 372.21
Item number T525t
100 ## - ASIENTO PRINCIPAL -- NOMBRE PERSONAL
Término de relación Mesa Plazas, Álvaro.
245 10 - MENCIÓN DE TITULO
Título Técnicas de la motivación infantil /
Mención de responsabilidad Álvaro Mesa Plas ; ilustradora Olga Acuña Rodríguez.
260 ## - PUBLICACIÓN, DISTRIBUCIÓN, ETC. (PIE DE IMPRENTA)
Lugar de publicación, distribución, etc Bogotá, Colombia :
Nombre del editor, distribuidor, etc. Ediciones Gamma,
Fecha de publicación, distribución, etc 2003.
300 ## - DESCRIPCIÓN FÍSICA
Extensión 3 v. :
Otros detalles físicos il. ;
Dimensiones 28 cm. +
Material complementario 2 CD-Rom.
505 ## - NOTA DE CONTENIDO
Información miscelánea v.1:
Título 0 a 2 años. --
Información miscelánea v.2 :
Título 2 a 12 años. --
Información miscelánea v.3 :
Título Talleres para padres y maestros. --
-- CD-Rom interactivo.
650 ## - ENCABEZAMIENTO DE MATERIA--TEMÁTICO
Fuente del encabezamiento o término EDUCACIÓN DE NIÑOS
650 ## - ENCABEZAMIENTO DE MATERIA--TEMÁTICO
Fuente del encabezamiento o término DESARROLLO INFANTIL
650 ## - ENCABEZAMIENTO DE MATERIA--TEMÁTICO
Fuente del encabezamiento o término EDUCACIÓN PREESCOLAR
650 ## - ENCABEZAMIENTO DE MATERIA--TEMÁTICO
Término temático o nombre geográfico como elemento de entrada MÉTODOS DE ENSEÑANZA
650 ## - ENCABEZAMIENTO DE MATERIA--TEMÁTICO
Fuente del encabezamiento o término MOTIVACIÓN EN EDUCACIÓN
700 ## - ASIENTO SECUNDARIO -- NOMBRE PERSONAL
Nombre personal Rosario Cuélar, Olga
Mención de responsabilidad il.
910 ## - VALIDACIÓN
Validación Validado. Control de calidad MFF
942 ## - ADDED ENTRY ELEMENTS (KOHA)
Source of classification or shelving scheme Dewey Decimal Classification
Koha item type Libros
945 ## - INFORMACIÓN DE PROCESAMIENTO LOCAL
Información de procesamiento local Inventariado, 2018/ YL
956 ## - LOCAL ELECTRONIC LOCATION AND ACCESS (OCLC)
Método de acceso VMATEO
Materiales especificados 10
Enlace 20150928
Campo enlazado y núm. de secuencia BPMSU
Nombre de host 00151
Existencias
Withdrawn status Lost status Source of classification or shelving scheme Damaged status Not for loan Collection code Home library Current library Date acquired Source of acquisition Cost, normal purchase price Total Checkouts Full call number Barcode Date last seen Copy number Price effective from Koha item type
    Dewey Decimal Classification     Colección General Biblioteca Pública Metropolitana Salomé Ureña Biblioteca Pública Metropolitana Salomé Ureña 09/28/2015 Compra 1120.00   372.21 T525t BPMSU15090179 09/28/2015 v. 1 09/28/2015 Libros
    Dewey Decimal Classification     Colección General Biblioteca Pública Metropolitana Salomé Ureña Biblioteca Pública Metropolitana Salomé Ureña 09/29/2015 Compra 1120.00   372.21 T525t BPMSU15090180 09/29/2015 v. 1, ej. 2 09/29/2015 Libros
    Dewey Decimal Classification     Colección General Biblioteca Pública Metropolitana Salomé Ureña Biblioteca Pública Metropolitana Salomé Ureña 09/29/2015 Compra 1120.00   372.21 T525t BPMSU15090181 09/29/2015 v. 1, ej. 3 09/29/2015 Libros
    Dewey Decimal Classification     Colección General Biblioteca Pública Metropolitana Salomé Ureña Biblioteca Pública Metropolitana Salomé Ureña 09/29/2015 Compra 1120.00   372.21 T525t BPMSU15090182 09/29/2015 V. 2 09/29/2015 Libros
    Dewey Decimal Classification     Colección General Biblioteca Pública Metropolitana Salomé Ureña Biblioteca Pública Metropolitana Salomé Ureña 09/29/2015 Compra 1120.00   372.21 T525t BPMSU15090183 09/29/2015 v. 2, ej.2 09/29/2015 Libros
    Dewey Decimal Classification     Colección General Biblioteca Pública Metropolitana Salomé Ureña Biblioteca Pública Metropolitana Salomé Ureña 09/29/2015 Compra 1120.00   372.21 T525t BPMSU15090184 09/29/2015 v. 2, ej. 3 09/29/2015 Libros
    Dewey Decimal Classification     Colección General Biblioteca Pública Metropolitana Salomé Ureña Biblioteca Pública Metropolitana Salomé Ureña 09/29/2015 Compra 1120.00   372.21 T525t BPMSU15090185 09/29/2015 v. 3 09/29/2015 Libros
    Dewey Decimal Classification     Colección General Biblioteca Pública Metropolitana Salomé Ureña Biblioteca Pública Metropolitana Salomé Ureña 09/29/2015 Compra 1120.00   372.21 T525t BPMSU15090187 09/29/2015 v. 3, ej. 2 09/29/2015 Libros
    Dewey Decimal Classification     Colección General Biblioteca Pública Metropolitana Salomé Ureña Biblioteca Pública Metropolitana Salomé Ureña 09/29/2015 Compra 1120.00   372.21 T525t BPMSU15090188 09/29/2015 v. 3, ej. 3 09/29/2015 Libros